Законодательная деятельность. Политико-правовой анализ: учебное пособие

Bibliografische gegevens
Hoofdauteur: Нисневич Ю. А. Юлий Анатольевич
Andere auteurs: Платонов В. М. Владимир Михайлович, Слизовский Д. Е. Дмитрий Егорович
Samenvatting:Учебное пособие обобщает опыт системного изложения проблем взаимосвязи политики и права в законодательной деятельности. Особое внимание уделено ее раскрытию как политико-правового процесса; принципам организации работы Федерального Собрания — парламента Российской Федерации, а также законодательных (представительных) органов ее субъектов; анализу предпарламентской, парламентской и послепарламентской стадий законодательного процесса. Показаны роль и характер парламентских и внепарламентских акторов законодательной деятельности, в том числе ее осуществление Президентом и Правительством РФ; сущность, содержание и принципы законодательного лоббизма. Для эффективного усвоения изложенного в пособии материала в конце каждого параграфа приведены контрольные вопросы. Пособие предназначено для бакалавров, магистров и аспирантов, изучающих политические и юридические науки.
Taal:Russisch
Gepubliceerd in: Москва, Аспект-Пресс, 2007
Onderwerpen:
Formaat: Boek
KOHA link:https://koha.lib.tpu.ru/cgi-bin/koha/opac-detail.pl?biblionumber=133456

MARC

LEADER 00000nam0a2200000 4500
001 133456
005 20231031135329.0
010 |a 9785756704587 
035 |a (RuTPU)RU\TPU\book\144630 
090 |a 133456 
100 |a 20080317d2007 m y0rusy50 ca 
101 0 |a rus 
102 |a RU 
105 |a y j 001zy 
200 1 |a Законодательная деятельность. Политико-правовой анализ  |e учебное пособие  |f Ю. А. Нисневич, В. М. Платонов, Д. Е. Слизовский 
210 |a Москва  |c Аспект-Пресс  |d 2007 
215 |a 285 с. 
320 |a Библиогр.: с. 277-285. 
330 |a Учебное пособие обобщает опыт системного изложения проблем взаимосвязи политики и права в законодательной деятельности. Особое внимание уделено ее раскрытию как политико-правового процесса; принципам организации работы Федерального Собрания — парламента Российской Федерации, а также законодательных (представительных) органов ее субъектов; анализу предпарламентской, парламентской и послепарламентской стадий законодательного процесса. Показаны роль и характер парламентских и внепарламентских акторов законодательной деятельности, в том числе ее осуществление Президентом и Правительством РФ; сущность, содержание и принципы законодательного лоббизма. Для эффективного усвоения изложенного в пособии материала в конце каждого параграфа приведены контрольные вопросы. Пособие предназначено для бакалавров, магистров и аспирантов, изучающих политические и юридические науки. 
610 1 |a право 
610 1 |a государство 
610 1 |a государственное право 
610 1 |a законодательная деятельность 
610 1 |a Россия 
610 1 |a Российская Федерация 
610 1 |a конституционное право 
610 1 |a права 
610 1 |a свободы 
610 1 |a гражданские права 
610 1 |a власть 
610 1 |a Федеральное Собрание 
610 1 |a парламент 
610 1 |a Государственная Дума 
610 1 |a Совет Федерации 
610 1 |a законодательный процесс 
610 1 |a парламентарии 
610 1 |a депутаты 
610 1 |a комитеты 
610 1 |a комиссии 
610 1 |a политические партии 
610 1 |a Президент 
610 1 |a правительство 
610 1 |a лоббирование 
610 1 |a учебные пособия 
686 |a Х620.6я73  |v LBC/SL-A  |2 rubbk 
700 1 |a Нисневич  |b Ю. А.  |g Юлий Анатольевич 
701 1 |a Платонов  |b В. М.  |g Владимир Михайлович 
701 1 |a Слизовский  |b Д. Е.  |g Дмитрий Егорович 
801 1 |a RU  |b 63413507  |c 20080317  |g PSBO 
801 2 |a RU  |b 63413507  |c 20230314  |g PSBO 
900 |a Право 
900 |a Правоведение 
942 |c BK 
951 |b 030201 
959 |a 33/20080317  |d 1  |e 231,00  |f ЧЗГЛ:1